Arsenal invincibles roster - Statistics

General Stats
  • This quiz has been taken 14 times
  • The average score is 19 of 58
Answer Stats
Number Name % Correct
14 Thierry Henry
92%
2 n/a
67%
6 n/a
67%
29 n/a
67%
34 n/a
67%
35 n/a
67%
36 n/a
67%
38 n/a
67%
39 n/a
67%
40 n/a
67%
41 n/a
67%
42 n/a
67%
43 n/a
67%
46 n/a
67%
47 n/a
67%
48 n/a
67%
49 n/a
67%
50 n/a
67%
53 n/a
67%
1 Jens Lehmann
58%
3 Ashley Cole
50%
4 Patrick Vieira
50%
10 Dennis Bergkamp
42%
19 Gilberto Silva
42%
28 Kolo Touré
42%
12 Laurèn
42%
7 Robert Pirès
42%
23 Sol Campbell
42%
17 Edú
25%
9 José Antonio Reyes
25%
11 Sylvain Wiltord
25%
Manager Arsene Wenger
17%
57 Cesc Fabregas
17%
5 Martin Keown
17%
18 Pascal Cygan
17%
37 David Bentley
8%
22 Gaël Clichy
8%
30 Jérémie Aliadière
8%
21 Jermaine Pennant
8%
45 Justin Hoyte
8%
25 Nwankwo Kanu
8%
15 Raymond Parlour
8%
13 Stuart Taylor
8%
44 Craig Holloway
0%
16 Giovanni van Bronckhorst
0%
32 Michal Papadopulos
0%
51 Frankie Simek
0%
8 Frederick Lungberg
0%
33 Graham Stack
0%
26 Igors Stepanovs
0%
52 John Spicer
0%
55 Olafur-Ingi Skulason
0%
20 Philippe Senderos
0%
54 Quincy Owusu-Abeyie
0%
24 Rami Shaaban
0%
56 Ryan Smith
0%
31 Sebastian Svard
0%
27 Stathis Tavlaridis
0%
No matching quizzes found
Score Distribution
Percent of People with Each Score
Percentile by Number Answered
Your Score History
You have not taken this quiz